000 00796nam a2200277 i 4500
001 C2-0091677
003 PPAK
005 20180727092522.0
008 970513s1990 my |||| ||||| | may d
020 _a967942183X
040 _aPPAK
_beng
_cPPAK
_erda
082 0 4 _a510.1
_223
090 0 0 _a510.1
_bSHA
_dG
090 0 0 _a510.1
_bSHA
_dKIH
090 0 0 _a510.1
_bSHA
_dR
100 0 _aShaharir b. Mohammad Zain,
_eauthor
245 1 0 _aSimbosis antara sistem nilai dengan tabii matematik
264 1 _aBangi, Selangor :
_bUniversiti Kebangsaan Malaysia ,
_c1990
300 _a64 pages ;
_c23 cm
336 _2rdacontent
_atext
337 _2rdamedia
_aunmediated
338 _2rdacarrier
_avolume
500 _aIncludes bibliography
650 1 0 _aMathematics - Philosophy
942 _ddc
_cB
999 _c19508
_d19508